00346nam a22001097a 4500082001600000100004600016245004600062250004400108260004800152300000700200650002900207 a674.836 CHI aPracticle boards from coconut palm timber aPracticle boards from coconut palm timber aTropical Products Institiute Report-G43 aLondonbTropical Products Institiute c1969 a5p acocounut, palm timberG35